Click the Bigger Country - Sudden Death - Statistics

General Stats
  • This quiz has been taken 4,464 times
  • The average score is 4 of 15
Answers on the Grid
Answers color-coded by a green-red scale on the quiz's grid according to % correct below.
Germany
France
Canada
Russia
Algeria
Libya
North Korea
South Korea
China
United States
Colombia
Venezuela
Turkey
Ukraine
Chile
Peru
Oman
Yemen
Japan
Philippines
United Kingdom
Guinea
Monaco
San Marino
Ireland
Slovakia
Nepal
Bangladesh
Equatorial Guinea
Albania
 
Answer Stats
Answer % Correct
Russia
94%
France
82%
Algeria
78%
North Korea
47%
China
32%
Colombia
24%
Turkey
14%
Peru
13%
Yemen
10%
Japan
8%
San Marino
8%
Ireland
4%
Guinea
3%
Equatorial Guinea
2%
Nepal
2%
No matching quizzes found
Score Distribution
Percent of People with Each Score
Percentile by Number Answered
Your Score History
You have not taken this quiz